000 00197nam a2200085Ia 4500
008 120527s9999 xx 000 0 und d
100 _aPeter & Donnelly
245 _aMarketing management
942 _cBK
999 _c27127
_d27127